Loading...
Fine Arts - Classical Music and Opera | 0 | 3 | 1 | 0 | 25 | 85 | 101.67 | 0 | 1 |
History - American History | 0 | 1 | 0 | 0 | 10 | 135 | 135.00 | 0 | 0 |
Literature - American Literature | 0 | 1 | 0 | 0 | 10 | 102 | 102.00 | 1 | 1 |
Science - Chemistry | 0 | 1 | 0 | 0 | 10 | 127 | 127.00 | 0 | 0 |
Science - Physics | 0 | 1 | 0 | 0 | 10 | 146 | 146.00 | 0 | 0 |
Literature - European Literature | 0 | 1 | 0 | 1 | 10 | 148 | 148.00 | 0 | 0 |
Fine Arts - Other Arts | 0 | 1 | 1 | 0 | 5 | 141 | 141.00 | 0 | 0 |
Social Science | 0 | 0 | 0 | 0 | 0 | 0.00 | 0 | 0 | |
History - Other History | 0 | 0 | 0 | 0 | 0 | 0.00 | 0 | 0 | |
History - World History | 0 | 0 | 0 | 0 | 0 | 0.00 | 0 | 0 | |
Other Science (Math) | 0 | 0 | 0 | 0 | 0 | 0.00 | 0 | 0 | |
Philosophy | 0 | 0 | 0 | 0 | 0 | 0.00 | 0 | 0 | |
Religion | 0 | 0 | 0 | 0 | 0 | 0.00 | 0 | 0 | |
Science - Biology | 0 | 0 | 0 | 0 | 0 | 0.00 | 0 | 0 |